000 00419nam a22001697a 4500
005 20160615142345.0
008 160615b xxu||||| |||| 00| 0 eng d
020 _a81-297-0712-8
041 _aeng
082 _b7777
100 _aPrahalad, C.K.
_91994
245 _aThe fortune at the Bottom of the Pyramid
260 _aDelhi
_bpearson education
_c2005
300 _a388
650 _aManagement
_9241
942 _cBK
999 _c2786
_d2785